000 00659nam a22002297a 4500
001 35896
003 UA-OsUOA
005 20210729151733.0
007 ta
008 20051222b un ||||| |||| 00| 0 ukr d
040 _aUA-OsUOA
_bukr
_cUA-OsUOA
_dUA-OsUOA
041 _aukr
080 _a7(091)(477)
090 _a7(091)(477)
_bІ-90
245 _aІсторія українського мистецтва в шести томах
_cМ. П. Бажан
260 _aК.
_bАкадемія наук УРСР
_c1966
300 _a450 с.
505 _gТ. 1
650 7 _a7 Мистецтво. Ігри. Спорт.
_2UDC
942 _cBK
_2udc
955 _a2
999 _c322201
_d322201